[Event "Lindores Abbey Tal Blitz 2021"]
[Site "Riga"]
[Date "2021.11.08"]
[Round "2.9"]
[White "Svidler, Peter"]
[Black "Firat, Burak"]
[Result "1-0"]
[WhiteElo "2694"]
[BlackElo "2480"]
[Annotator "TA"]
[PlyCount "87"]
[EventDate "2021.11.02"]
[EventType "swiss"]
[EventCountry "LAT"]
[SourceTitle "playchess.com"]
[Source "ChessBase"]
[SourceQuality "1"]

1. c4 c6 2. g3 d5 3. Bg2 Nf6 4. b3 e5 5. Bb2 Nbd7 6. Nf3 Bd6 7. O-O O-O 8. cxd5
cxd5 9. Nc3 Re8 10. Rc1 a6 11. e3 e4 12. Ne1 Ne5 13. Ne2 Bd7 14. Nf4 g5 15.
Nxd5 Nxd5 16. Bxe4 Nf6 17. Bxb7 Rb8 18. Bg2 Bb5 19. d3 Bb4 20. Bxe5 Rxe5 21. a4
Bd7 22. Nf3 Ra5 23. d4 Bd6 24. Nd2 Bg4 25. Bf3 Be6 26. Nc4 Bxc4 27. bxc4 Qd7
28. c5 Bf8 29. Rc4 g4 30. Bg2 h5 31. Qc2 Nd5 32. e4 Nf6 33. c6 Qc7 34. e5 Nh7
35. Qf5 Be7 36. Be4 Ng5 37. d5 Nxe4 38. Qxe4 Rd8 39. Rd1 Rc5 40. Rxc5 Bxc5 41.
d6 Bxd6 42. exd6 Rxd6 43. Qe8+ Kh7 44. Rxd6 1-0

[Event "Lindores Abbey Tal Blitz 2021"]
[Site "Riga"]
[Date "2021.11.08"]
[Round "2.10"]
[White "Abasov, Nijat"]
[Black "Ponomariov, Ruslan"]
[Result "1-0"]
[WhiteElo "2634"]
[BlackElo "2633"]
[Annotator "ChessBase"]
[PlyCount "122"]
[EventDate "2021.11.02"]
[EventType "swiss"]
[EventCountry "LAT"]
[SourceTitle "playchess.com"]
[Source "ChessBase"]
[SourceQuality "1"]

1. d4 d5 2. Nf3 Nf6 3. Bf4 e6 4. e3 Bd6 5. Bxd6 Qxd6 6. c4 O-O 7. Nc3 b6 8.
cxd5 Nxd5 9. Nxd5 exd5 10. Bd3 c5 11. dxc5 bxc5 12. O-O Nd7 13. Rc1 Nf6 14. Qc2
c4 15. Be2 Bg4 16. Rfd1 Qb6 17. h3 Bh5 18. Nd4 Bg6 19. Qc3 Rfc8 20. Bf3 Be4 21.
Bxe4 Nxe4 22. Qc2 g6 23. Ne2 Nf6 24. Nc3 Rab8 25. Rd2 Qe6 26. Rcd1 Rc7 27. Nxd5
Nxd5 28. Rxd5 Qf6 29. R5d4 Rcb7 30. Qxc4 Rxb2 31. Rf4 Qe7 32. Rdd4 a5 33. Kh2
R2b4 34. Qd5 Rxd4 35. Qxd4 Rb4 36. Qd5 Rxf4 37. exf4 Qb4 38. g3 a4 39. h4 h5
40. f5 Kg7 41. Qe5+ Kh7 42. Qc7 Kg7 43. fxg6 Kxg6 44. Qe5 f6 45. Qe8+ Kh6 46.
Qe3+ Kg6 47. a3 Qc4 48. Qe8+ Kh6 49. Qf8+ Kg6 50. Qd6 Qe4 51. Kg1 Qe1+ 52. Kg2
Qe4+ 53. Kh2 Qf3 54. Qc5 Qe4 55. Kg1 Qe1+ 56. Kg2 Qe4+ 57. Kh2 Kh6 58. Qe3+
Qxe3 59. fxe3 Kg6 60. Kg2 Kf5 61. Kf3 Ke5 1-0

[Event "Lindores Abbey Tal Blitz 2021"]
[Site "Riga"]
[Date "2021.11.08"]
[Round "2.11"]
[White "Xiong, Jeffery"]
[Black "Durarbayli, Vasif"]
[Result "1-0"]
[WhiteElo "2687"]
[BlackElo "2629"]
[Annotator "TA"]
[PlyCount "89"]
[EventDate "2021.11.02"]
[EventType "swiss"]
[EventCountry "LAT"]
[SourceTitle "playchess.com"]
[Source "ChessBase"]
[SourceQuality "1"]

1. d4 Nf6 2. Nf3 e6 3. Bf4 b6 4. e3 Bb7 5. Bd3 Be7 6. h4 c5 7. Nbd2 d6 8. c3
Nbd7 9. Qe2 Qc7 10. e4 cxd4 11. cxd4 e5 12. Bh2 O-O 13. O-O Rac8 14. Nc4 Bxe4
15. Bxe4 Nxe4 16. Rac1 d5 17. dxe5 Qb7 18. Ne3 Rxc1 19. Rxc1 Bc5 20. Rd1 Bxe3
21. Qxe3 Ndc5 22. Nd4 Ne6 23. Nf5 Rd8 24. f3 N4c5 25. b4 d4 26. Qa3 Nd7 27. Bg3
Ndf8 28. b5 Qd7 29. Nd6 Ng6 30. h5 Ne7 31. h6 gxh6 32. Bh4 Ng6 33. Bxd8 Qxd8
34. Re1 Qh4 35. Qc1 Nc5 36. Nf5 Qh5 37. Nxd4 Kg7 38. Qe3 Qg5 39. Qxg5 hxg5 40.
e6 Ne7 41. Nc6 Kf8 42. exf7 Nd5 43. Nd8 Nc7 44. Re5 h6 45. Kh2 1-0

[Event "Lindores Abbey Tal Blitz 2021"]
[Site "Riga"]
[Date "2021.11.08"]
[Round "2.13"]
[White "Sarana, Alexey"]
[Black "Yilmaz, Mustafa"]
[Result "1/2-1/2"]
[WhiteElo "2656"]
[BlackElo "2626"]
[Annotator "ChessBase"]
[PlyCount "109"]
[EventDate "2021.11.02"]
[EventType "swiss"]
[EventCountry "LAT"]
[SourceTitle "playchess.com"]
[Source "ChessBase"]
[SourceQuality "1"]

1. d4 Nf6 2. c4 e6 3. Nf3 d5 4. Nc3 Be7 5. Bf4 O-O 6. a3 b6 7. e3 c5 8. Be2 Bb7
9. O-O Nbd7 10. dxc5 bxc5 11. h3 Qb6 12. Qc2 Rfd8 13. Rfd1 Rac8 14. Rac1 Bc6
15. Ne5 Nxe5 16. Bxe5 d4 17. exd4 cxd4 18. Na4 Qa5 19. Bxf6 Bxf6 20. b3 Be7 21.
Nb2 Bxa3 22. Qb1 Rb8 23. Qa2 Qb4 24. Ra1 Qxb3 25. Nd3 Qxa2 26. Rxa2 Bf8 27.
Rxa7 Ra8 28. Rxa8 Bxa8 29. Bf3 Bxf3 30. gxf3 Rc8 31. Rc1 g5 32. Kf1 f5 33. Ke2
Kf7 34. c5 Kf6 35. Ra1 Rc7 36. Ra5 h5 37. Rb5 Be7 38. Ra5 Rc6 39. Rb5 e5 40.
Rb6 Re6 41. c6 Bd8 42. Ra6 Bc7 43. Nc5 Rd6 44. Kd3 g4 45. hxg4 hxg4 46. fxg4
e4+ 47. Kc4 d3 48. gxf5 Kxf5 49. Ra1 Rxc6 50. Kb5 Rb6+ 51. Kc4 Rc6 52. Kb5 Rd6
53. Rd1 Kf4 54. Kc4 Bb6 55. Nxd3+ 1/2-1/2

[Event "Lindores Abbey Tal Blitz 2021"]
[Site "Riga"]
[Date "2021.11.08"]
[Round "2.14"]
[White "Sadhwani, Raunak"]
[Black "Swiercz, Dariusz"]
[Result "1-0"]
[WhiteElo "2609"]
[BlackElo "2647"]
[Annotator "ChessBase"]
[PlyCount "57"]
[EventDate "2021.11.02"]
[EventType "swiss"]
[EventCountry "LAT"]
[SourceTitle "playchess.com"]
[Source "ChessBase"]
[SourceQuality "1"]

1. c4 Nf6 2. Nc3 e5 3. Nf3 Nc6 4. d3 g6 5. g3 Bg7 6. Bg2 O-O 7. O-O d6 8. b3
Nd4 9. Nd2 c6 10. e3 Ne6 11. Ba3 Re8 12. Nde4 Bf8 13. Qd2 h5 14. f4 exf4 15.
gxf4 Nc5 16. Bb2 Nfxe4 17. Nxe4 Nxe4 18. dxe4 Bg7 19. Bxg7 Kxg7 20. Rad1 Bg4
21. Qd4+ Kg8 22. Rd2 Qh4 23. Rdf2 a5 24. f5 g5 25. Qxd6 Kh7 26. Qf6 Rf8 27. e5
Rae8 28. e6 Kg8 29. e7 1-0

[Event "Lindores Abbey Tal Blitz 2021"]
[Site "Riga"]
[Date "2021.11.08"]
[Round "2.15"]
[White "Adly, Ahmed"]
[Black "Ivic, Velimir"]
[Result "1-0"]
[WhiteElo "2602"]
[BlackElo "2620"]
[Annotator "ChessBase"]
[PlyCount "121"]
[EventDate "2021.11.02"]
[EventType "swiss"]
[EventCountry "LAT"]
[SourceTitle "playchess.com"]
[Source "ChessBase"]
[SourceQuality "1"]

1. Nf3 Nf6 2. g3 g6 3. Bg2 Bg7 4. d4 O-O 5. c4 d6 6. O-O c6 7. Nc3 Bf5 8. Ne1
Be6 9. b3 d5 10. cxd5 Nxd5 11. Nxd5 cxd5 12. e3 Bf5 13. Ba3 Nc6 14. Qd2 Qd7 15.
Rc1 Rfc8 16. Nd3 Bxd3 17. Qxd3 e6 18. h4 h5 19. Bf3 f5 20. Kg2 Rc7 21. Qd2 Rac8
22. Be2 Bf8 23. Bxf8 Kxf8 24. Rc5 Ne7 25. Rfc1 b6 26. R5c3 Rxc3 27. Rxc3 Rxc3
28. Qxc3 Qc6 29. Qb4 Kf7 30. Bb5 Qc7 31. Qa4 Nc8 32. Be8+ Kf6 33. Bc6 Nd6 34.
b4 a6 35. Ba8 Ne4 36. Qxa6 Qc2 37. Qf1 Qxa2 38. Bc6 Qb2 39. Qe1 Ke7 40. Bb5 Kd6
41. Bd3 Nc3 42. b5 Nxb5 43. Bxb5 Qxb5 44. Qc1 Kd7 45. Qa3 Qc4 46. Qf8 b5 47.
Qf7+ Kd6 48. Qf8+ Kd7 49. Qf7+ Kd6 50. Qxg6 b4 51. Qxh5 b3 52. Qe8 Qc2 53. Qb8+
Ke7 54. Qb4+ Kf7 55. Qb7+ Kf6 56. Qb8 Kf7 57. Qb7+ Kf6 58. h5 b2 59. h6 e5 60.
h7 Qe4+ 61. Kh2 1-0

[Event "Lindores Abbey Tal Blitz 2021"]
[Site "Riga"]
[Date "2021.11.08"]
[Round "2.16"]
[White "Meshkovs, Nikita"]
[Black "Bluebaum, Matthias"]
[Result "0-1"]
[WhiteElo "2557"]
[BlackElo "2647"]
[Annotator "ChessBase"]
[PlyCount "69"]
[EventDate "2021.11.02"]
[EventType "swiss"]
[EventCountry "LAT"]
[SourceTitle "playchess.com"]
[Source "ChessBase"]
[SourceQuality "1"]

1. Nf3 d5 2. g3 Bg4 3. Bg2 e6 4. O-O Nf6 5. d3 Be7 6. h3 Bh5 7. Nbd2 c5 8. e4
Nc6 9. exd5 Nxd5 10. Re1 O-O 11. Nc4 Qc7 12. a4 Rad8 13. Bd2 Bf6 14. Qc1 h6 15.
Ne3 Ndb4 16. Ng4 Be7 17. Bc3 Nd4 18. Nxd4 cxd4 19. Bxb4 Bxb4 20. Rf1 Rc8 21. c3
dxc3 22. bxc3 Bxc3 23. Rb1 b6 24. Rb5 Bg6 25. Qd1 Rfd8 26. Qf3 Bxd3 27. Rc1
Bxb5 28. axb5 Qc5 29. Qe2 Qa3 30. Rf1 Bd4 31. Kh2 h5 32. Ne3 Bxe3 33. fxe3 Qc5
34. Bc6 Qe5 35. h4 0-1

[Event "Lindores Abbey Tal Blitz 2021"]
[Site "Riga"]
[Date "2021.11.08"]
[Round "2.17"]
[White "Mamedov, Rauf"]
[Black "Morovic Fernandez, Ivan"]
[Result "1-0"]
[WhiteElo "2673"]
[BlackElo "2510"]
[Annotator "ChessBase"]
[PlyCount "97"]
[EventDate "2021.11.02"]
[EventType "swiss"]
[EventCountry "LAT"]
[SourceTitle "playchess.com"]
[Source "ChessBase"]
[SourceQuality "1"]

1. e4 e5 2. Nc3 Nf6 3. g3 d5 4. exd5 Nxd5 5. Bg2 Nxc3 6. bxc3 Bc5 7. Nf3 Nc6 8.
O-O O-O 9. Re1 Re8 10. d3 h6 11. Rb1 Bb6 12. Be3 Bf5 13. Nd2 Qd7 14. Ne4 Rad8
15. a4 Bxe3 16. Rxe3 b6 17. Nd2 Be6 18. Qf3 Bd5 19. Qxd5 Qxd5 20. Bxd5 Rxd5 21.
Nc4 Na5 22. Nd2 Nc6 23. f4 Red8 24. Rf1 f6 25. Re4 Rc5 26. Nc4 f5 27. Re3 e4
28. Rb1 a6 29. Rb3 b5 30. axb5 axb5 31. Na3 exd3 32. cxd3 b4 33. cxb4 Rc1+ 34.
Kg2 Nd4 35. Rb2 Ra8 36. Nc4 Raa1 37. Kh3 Rg1 38. b5 g5 39. fxg5 hxg5 40. b6
cxb6 41. Rxb6 Nf3 42. Ne5 g4+ 43. Nxg4 fxg4+ 44. Kxg4 Nxh2+ 45. Kh5 Rgf1 46.
Kg6 Ng4 47. Re7 Rae1 48. Rb8+ Rf8 49. Rg7+ 1-0

[Event "Lindores Abbey Tal Blitz 2021"]
[Site "Riga"]
[Date "2021.11.08"]
[Round "2.18"]
[White "Donchenko, Alexander"]
[Black "Zvjaginsev, Vadim"]
[Result "1-0"]
[WhiteElo "2645"]
[BlackElo "2609"]
[Annotator "ChessBase"]
[PlyCount "71"]
[EventDate "2021.11.02"]
[EventType "swiss"]
[EventCountry "LAT"]
[SourceTitle "playchess.com"]
[Source "ChessBase"]
[SourceQuality "1"]

1. Nf3 g6 2. g3 Bg7 3. Bg2 e5 4. O-O d6 5. c4 Nf6 6. d4 Nc6 7. dxe5 Nxe5 8.
Nxe5 dxe5 9. Qxd8+ Kxd8 10. Rd1+ Ke7 11. b3 Rd8 12. Ba3+ Ke8 13. Nc3 c6 14.
Rxd8+ Kxd8 15. Rd1+ Ke8 16. Bd6 Nd7 17. Ne4 f5 18. Ng5 Nf8 19. Bxf8 Bxf8 20.
Nxh7 Be7 21. h4 a5 22. a4 e4 23. f3 exf3 24. Bxf3 Be6 25. Ng5 Bg8 26. e4 Rd8
27. exf5 gxf5 28. Rxd8+ Kxd8 29. Kf2 Kc7 30. Ke3 Bd6 31. h5 Bxg3 32. h6 Be5 33.
h7 Bxh7 34. Nxh7 Kb6 35. Nf8 Bg7 36. Ne6 1-0

[Event "Lindores Abbey Tal Blitz 2021"]
[Site "Riga"]
[Date "2021.11.08"]
[Round "2.19"]
[White "Hovhannisyan, Robert"]
[Black "Stefanova, Antoaneta"]
[Result "1-0"]
[WhiteElo "2622"]
[BlackElo "2475"]
[Annotator "ChessBase"]
[PlyCount "85"]
[EventDate "2021.11.02"]
[EventType "swiss"]
[EventCountry "LAT"]
[SourceTitle "playchess.com"]
[Source "ChessBase"]
[SourceQuality "1"]

1. e4 e5 2. Nf3 Nc6 3. Bb5 a6 4. Ba4 g6 5. d4 exd4 6. Nxd4 Bg7 7. Nxc6 dxc6 8.
Qxd8+ Kxd8 9. Bb3 Nf6 10. f3 Ke7 11. Nc3 Be6 12. Bxe6 Kxe6 13. Bf4 Rac8 14.
O-O-O Nd7 15. Ne2 c5 16. Rd5 b6 17. Rhd1 Nb8 18. Bg3 f6 19. Nf4+ Ke7 20. R5d3
c6 21. Ne2 Rhe8 22. Bxb8 Rxb8 23. Rd7+ Kf8 24. Ra7 Re7 25. Rxa6 f5 26. Ng3 fxe4
27. Nxe4 Be5 28. h3 c4 29. c3 h6 30. a4 Rc7 31. Kc2 Ke7 32. Nd2 b5 33. axb5
Rxb5 34. Nxc4 Bg3 35. Rd4 Kf7 36. Rd6 Rc5 37. Rd4 Re7 38. b4 Rg5 39. Rxc6 h5
40. Kb3 Bf2 41. Rd2 Rxg2 42. Nd6+ Kg7 43. Ne4 1-0

[Event "Lindores Abbey Tal Blitz 2021"]
[Site "Riga"]
[Date "2021.11.08"]
[Round "2.20"]
[White "Ernst, Sipke"]
[Black "Nihal Sarin"]
[Result "0-1"]
[WhiteElo "2532"]
[BlackElo "2650"]
[Annotator "ChessBase"]
[PlyCount "131"]
[EventDate "2021.11.02"]
[EventType "swiss"]
[EventCountry "LAT"]
[SourceTitle "playchess.com"]
[Source "ChessBase"]
[SourceQuality "1"]

1. d4 g6 2. c4 Bg7 3. e4 d6 4. Nf3 Bg4 5. Be2 Nc6 6. Nbd2 Nf6 7. d5 Nb8 8. Qc2
O-O 9. h3 Bc8 10. O-O e6 11. Nb1 Re8 12. Nc3 a5 13. Be3 Na6 14. Rad1 exd5 15.
cxd5 Nd7 16. Bxa6 Rxa6 17. Nb5 c5 18. dxc6 Rxc6 19. Qd2 Bf8 20. Na7 Rc4 21.
Nxc8 Qxc8 22. Qxa5 Rcxe4 23. Rc1 Qa8 24. Qxa8 Rxa8 25. Rc7 Nf6 26. Rxb7 Rxa2
27. Bd4 Nd5 28. Rc1 Nf4 29. Rc8 Ne2+ 30. Kh2 Nxd4 31. Nxd4 Rxd4 32. Rbb8 Kg7
33. Rxf8 Rd2 34. f3 Ra5 35. h4 Ra4 36. Kh3 Ra1 37. Rfd8 Rh1+ 38. Kg3 Rg1 39.
Kh3 Rgxg2 40. Rxd6 Rh2+ 41. Kg3 Rdg2+ 42. Kf4 Rxh4+ 43. Ke3 Rhh2 44. b4 Re2+
45. Kd4 Rd2+ 46. Kc5 Rc2+ 47. Kb6 Rb2 48. Rd4 Rh5 49. Rc4 Rf5 50. Kc6 Rxf3 51.
b5 Rf6+ 52. Kc7 Re2 53. Rc6 Re7+ 54. Kd8 Re5 55. Rxf6 Kxf6 56. b6 g5 57. b7 Rb5
58. Kc7 h5 59. Rh8 h4 60. b8=Q Rxb8 61. Rxb8 h3 62. Rh8 g4 63. Kd6 Kf5 64. Kd5
Kf4 65. Kd4 f5 66. Rh7 0-1

[Event "Lindores Abbey Tal Blitz 2021"]
[Site "Riga"]
[Date "2021.11.08"]
[Round "2.21"]
[White "Howell, David W L"]
[Black "Sethuraman, S.P.."]
[Result "1-0"]
[WhiteElo "2648"]
[BlackElo "2620"]
[Annotator "ChessBase"]
[PlyCount "66"]
[EventDate "2021.11.02"]
[EventType "swiss"]
[EventCountry "LAT"]
[SourceTitle "playchess.com"]
[Source "ChessBase"]
[SourceQuality "1"]

1. c4 f5 2. Nc3 Nf6 3. g3 g6 4. Bg2 Bg7 5. d3 O-O 6. e4 d6 7. Nge2 e5 8. O-O
Nc6 9. Nd5 Ne7 10. Be3 Nexd5 11. cxd5 f4 12. gxf4 Ng4 13. h3 exf4 14. Bxf4 Ne5
15. d4 g5 16. Bxg5 Nf3+ 17. Bxf3 Qxg5+ 18. Bg2 Bxh3 19. Ng3 Bg4 20. Qc1 Qg6 21.
Qe3 h5 22. f4 h4 23. f5 Qf6 24. Ne2 Bxe2 25. Qxe2 Qxd4+ 26. Kh1 Kf7 27. Rac1
Rac8 28. Rc4 Qe5 29. Rfc1 c5 30. dxc6 bxc6 31. Rxc6 Rxc6 32. Rxc6 Kf6 33. Qg4
Rf7 1-0

[Event "Lindores Abbey Tal Blitz 2021"]
[Site "Riga"]
[Date "2021.11.08"]
[Round "2.22"]
[White "Zhou, Jianchao"]
[Black "Cheparinov, Ivan"]
[Result "0-1"]
[WhiteElo "2616"]
[BlackElo "2677"]
[Annotator "ChessBase"]
[PlyCount "61"]
[EventDate "2021.11.02"]
[EventType "swiss"]
[EventCountry "LAT"]
[SourceTitle "playchess.com"]
[Source "ChessBase"]
[SourceQuality "1"]

1. d4 Nf6 2. c4 g6 3. Nc3 Bg7 4. e4 d6 5. Nf3 O-O 6. Be2 Bg4 7. Be3 Nfd7 8. h4
c5 9. d5 Nf6 10. Nh2 Bxe2 11. Qxe2 h5 12. g4 b5 13. gxh5 Nxh5 14. Nxb5 Nd7 15.
Rc1 Rb8 16. b3 Qa5+ 17. Qd2 Rxb5 18. cxb5 Qxb5 19. Qe2 Qb4+ 20. Bd2 Qa3 21. Rc2
Ne5 22. Nf3 c4 23. Nxe5 Bxe5 24. Qxc4 Rb8 25. O-O Nf4 26. Qa4 Qxa4 27. bxa4 Kg7
28. a5 Rh8 29. a6 Rxh4 30. Be3 Rg4+ 31. Kh2 0-1

[Event "Lindores Abbey Tal Blitz 2021"]
[Site "Riga"]
[Date "2021.11.08"]
[Round "2.23"]
[White "Kravtsiv, Martyn"]
[Black "Gunina, Valentina"]
[Result "1-0"]
[WhiteElo "2616"]
[BlackElo "2480"]
[Annotator "ChessBase"]
[PlyCount "109"]
[EventDate "2021.11.02"]
[EventType "swiss"]
[EventCountry "LAT"]
[SourceTitle "playchess.com"]
[Source "ChessBase"]
[SourceQuality "1"]

1. e4 c6 2. Nf3 d5 3. Nc3 dxe4 4. Nxe4 Nf6 5. Ng3 h5 6. h3 e6 7. d4 Bd6 8. Bd3
Qc7 9. Ne4 Nxe4 10. Bxe4 Nd7 11. Qe2 Nf6 12. Bg5 b6 13. Bxf6 gxf6 14. d5 f5 15.
Bxf5 cxd5 16. Bd3 Bd7 17. O-O-O O-O-O 18. Rhe1 Rhg8 19. g3 Kb8 20. h4 f6 21.
Bb5 Rge8 22. Nd4 e5 23. Bxd7 Qxd7 24. Nb3 Qf7 25. c3 Bc7 26. Kb1 f5 27. Nd2 f4
28. gxf4 Qxf4 29. Qxh5 Qxf2 30. Rf1 Qg3 31. Nf3 Rh8 32. Qg5 e4 33. Nd4 Qxg5 34.
hxg5 Rdg8 35. Ne6 Bg3 36. Rg1 Bf2 37. Rg2 e3 38. Nf4 Rh4 39. Ne2 Rd8 40. g6
Rhh8 41. Kc2 Rhg8 42. Kd3 Rd6 43. Nf4 Kb7 44. Ke2 Kc6 45. Rg4 Rd7 46. Nd3 Rd6
47. Rh1 Re6 48. Rh7 a5 49. Nf4 Rf6 50. g7 Rf7 51. Nh5 d4 52. cxd4 Kd6 53. Rh8
Rc7 54. Rxg8 Rc2+ 55. Kf3 1-0

[Event "Lindores Abbey Tal Blitz 2021"]
[Site "Riga"]
[Date "2021.11.08"]
[Round "2.24"]
[White "Arabidze, Meri"]
[Black "Martirosyan, Haik M."]
[Result "0-1"]
[WhiteElo "2441"]
[BlackElo "2624"]
[Annotator "ChessBase"]
[PlyCount "92"]
[EventDate "2021.11.02"]
[EventType "swiss"]
[EventCountry "LAT"]
[SourceTitle "playchess.com"]
[Source "ChessBase"]
[SourceQuality "1"]

1. d4 Nf6 2. c4 e6 3. Nf3 b6 4. g3 Ba6 5. Qa4 Bb7 6. Bg2 c5 7. dxc5 bxc5 8. O-O
Be7 9. Nc3 O-O 10. Bf4 Qb6 11. Qb5 Rd8 12. Rfd1 Nc6 13. Na4 Qxb5 14. cxb5 Nb4
15. b6 Bc6 16. Ne5 Bxg2 17. Kxg2 Nbd5 18. bxa7 Rxa7 19. b3 Nxf4+ 20. gxf4 Rc7
21. e3 d6 22. Nc4 Nd5 23. Rac1 Rb8 24. Kf3 Rc6 25. Rd2 Nb4 26. Rcd1 d5 27. Ne5
Rc7 28. Rc1 Na6 29. Rdc2 Nb4 30. Rd2 Rb5 31. Ke2 Kf8 32. Nd3 Na6 33. Rdc2 Ke8
34. Nc3 Ra5 35. Na4 Kd8 36. Ne5 Nb4 37. Rd2 Ke8 38. Nd3 Na6 39. Ne5 f6 40. Nd3
c4 41. Ne1 Ba3 42. Rcd1 Nb4 43. Nc3 cxb3 44. axb3 Rxc3 45. Ra1 Rxb3 46. Nd3
Nxd3 0-1

[Event "Lindores Abbey Tal Blitz 2021"]
[Site "Riga"]
[Date "2021.11.08"]
[Round "2.25"]
[White "Sjugirov, Sanan"]
[Black "Tregubov, Pavel V."]
[Result "1-0"]
[WhiteElo "2663"]
[BlackElo "2537"]
[Annotator "ChessBase"]
[PlyCount "80"]
[EventDate "2021.11.02"]
[EventType "swiss"]
[EventCountry "LAT"]
[SourceTitle "playchess.com"]
[Source "ChessBase"]
[SourceQuality "1"]

1. e4 e5 2. Nf3 Nf6 3. Nxe5 d6 4. Nf3 Nxe4 5. d4 d5 6. Bd3 Bd6 7. O-O O-O 8. c4
c6 9. Nc3 Nxc3 10. bxc3 dxc4 11. Bxc4 Bf5 12. Bg5 Qa5 13. Nh4 Be6 14. Bxe6 Qxg5
15. Nf3 Qh5 16. Bb3 Nd7 17. Qd3 Rae8 18. Rfe1 g6 19. g3 Kg7 20. Kg2 Nf6 21. h4
h6 22. Rad1 Ng4 23. c4 c5 24. Rxe8 Rxe8 25. dxc5 Qxc5 26. Qd4+ Qxd4 27. Rxd4
Nxf2 28. Rxd6 Ng4 29. c5 Re2+ 30. Kg1 Re3 31. Bd5 Rc3 32. Rd7 Rxc5 33. Rxf7+
Kh8 34. Bb3 a5 35. Rxb7 Rc3 36. Kg2 Ne3+ 37. Kh3 Nf5 38. Bd5 Rd3 39. Rb5 Ra3
40. Be4 Ne7 1-0

[Event "Lindores Abbey Tal Blitz 2021"]
[Site "Riga"]
[Date "2021.11.08"]
[Round "2.26"]
[White "Harika, Dronavalli"]
[Black "Matlakov, Maxim"]
[Result "0-1"]
[WhiteElo "2511"]
[BlackElo "2691"]
[Annotator "ChessBase"]
[PlyCount "73"]
[EventDate "2021.11.02"]
[EventType "swiss"]
[EventCountry "LAT"]
[SourceTitle "playchess.com"]
[Source "ChessBase"]
[SourceQuality "1"]

1. e4 c5 2. Nc3 d6 3. d4 cxd4 4. Qxd4 Nc6 5. Qd2 e6 6. b3 d5 7. exd5 exd5 8.
Bd3 d4 9. Qe2+ Be6 10. Ne4 Bb4+ 11. Bd2 Nf6 12. Nf3 Bxd2+ 13. Qxd2 O-O 14. O-O
h6 15. h3 Nd5 16. Rfe1 Qb6 17. Ng3 Rfe8 18. Nh5 Rad8 19. Nf4 Nxf4 20. Qxf4 Nb4
21. Rad1 Nxa2 22. Qe4 g6 23. Qh4 Kg7 24. Bf1 Nc3 25. Rxd4 Rxd4 26. Nxd4 Bd7 27.
Rxe8 Bxe8 28. Qf4 Qf6 29. Qe3 Nd5 30. Qd2 Nf4 31. c4 Bd7 32. Qe3 a5 33. Kh2 h5
34. g3 Ne6 35. Nxe6+ Bxe6 36. Bg2 Qb2 37. Bxb7 0-1

[Event "Lindores Abbey Tal Blitz 2021"]
[Site "Riga"]
[Date "2021.11.08"]
[Round "2.27"]
[White "Grandelius, Nils"]
[Black "Miezis, Normunds"]
[Result "1-0"]
[WhiteElo "2669"]
[BlackElo "2446"]
[Annotator "ChessBase"]
[PlyCount "47"]
[EventDate "2021.11.02"]
[EventType "swiss"]
[EventCountry "LAT"]
[SourceTitle "playchess.com"]
[Source "ChessBase"]
[SourceQuality "1"]

1. e4 c5 2. Nf3 e6 3. g3 Nc6 4. Bg2 Nf6 5. Qe2 e5 6. O-O d6 7. c3 g6 8. Rd1 Qe7
9. d4 cxd4 10. cxd4 Bg4 11. Be3 Bg7 12. dxe5 dxe5 13. Qb5 O-O 14. Bc5 Rfd8 15.
Nc3 Qc7 16. Nd5 Nxd5 17. exd5 e4 18. dxc6 bxc6 19. Qa4 Bxf3 20. Bxf3 exf3 21.
Qe4 Bxb2 22. Rxd8+ Rxd8 23. Rb1 Qa5 24. Qe7 1-0

[Event "Lindores Abbey Tal Blitz 2021"]
[Site "Riga"]
[Date "2021.11.08"]
[Round "2.29"]
[White "Moussard, Jules"]
[Black "Dzagnidze, Nana"]
[Result "0-1"]
[WhiteElo "2632"]
[BlackElo "2524"]
[Annotator "ChessBase"]
[PlyCount "156"]
[EventDate "2021.11.02"]
[EventType "swiss"]
[EventCountry "LAT"]
[SourceTitle "playchess.com"]
[Source "ChessBase"]
[SourceQuality "1"]

1. b3 Nf6 2. Bb2 g6 3. g3 Bg7 4. Bg2 O-O 5. e3 d5 6. d3 c6 7. Nd2 Bg4 8. Ne2
Re8 9. h3 Bc8 10. O-O e5 11. c4 Bf5 12. Nf3 Nbd7 13. g4 Bxd3 14. Qxd3 e4 15.
Qc2 exf3 16. Bxf3 dxc4 17. bxc4 Qe7 18. Rad1 Ne5 19. Bg2 h5 20. g5 Nh7 21. f4
Nd7 22. Bxg7 Kxg7 23. e4 Qc5+ 24. Kh1 Nb6 25. Rd4 Nf8 26. f5 Rad8 27. Qc3 Kg8
28. Rfd1 Rxd4 29. Rxd4 Nfd7 30. Nf4 Qe5 31. Qe3 Nf8 32. fxg6 fxg6 33. Nd3 Qe7
34. e5 Ne6 35. Re4 Qxg5 36. Qe1 Rf8 37. h4 Qe7 38. Qg3 Kh7 39. Nf2 Nd7 40. Re1
Rf4 41. Re4 Rf5 42. Bh3 Rf8 43. Re1 Ndc5 44. Rg1 Qf7 45. Rg2 Nf4 46. e6 Ncxe6
47. Bxe6 Qxe6 48. Rg1 Qxc4 49. Qa3 Rf7 50. Qe3 Qd5+ 51. Kh2 Qd8 52. Qg3 Qd2 53.
Rd1 Qe2 54. Rd6 Ne6 55. Kg1 Qe1+ 56. Kg2 Qe2 57. Kg1 Nf4 58. Kh2 Qe5 59. Rd2
Qf5 60. a4 c5 61. a5 Ne6 62. Nh3 Kg7 63. Qc3+ Nd4 64. Qb2 Qe5+ 65. Kg2 Qe4+ 66.
Kh2 Qxh4 67. Rg2 Kh7 68. Rg3 Nf3+ 69. Kg2 Qe4 70. Kh1 Ng5+ 71. Kh2 Nxh3 72.
Rxh3 Qf4+ 73. Kg2 Qf1+ 74. Kg3 Qg1+ 75. Qg2 Qxg2+ 76. Kxg2 Rc7 77. Rc3 c4 78.
Kg3 b5 0-1

[Event "Lindores Abbey Tal Blitz 2021"]
[Site "Riga"]
[Date "2021.11.08"]
[Round "2.30"]
[White "Rakotomaharo, Fy Antenaina"]
[Black "Indjic, Aleksandar"]
[Result "0-1"]
[WhiteElo "2487"]
[BlackElo "2612"]
[Annotator "ChessBase"]
[PlyCount "48"]
[EventDate "2021.11.02"]
[EventType "swiss"]
[EventCountry "LAT"]
[SourceTitle "playchess.com"]
[Source "ChessBase"]
[SourceQuality "1"]

1. e4 c5 2. Nf3 d6 3. d4 cxd4 4. Nxd4 Nf6 5. Nc3 a6 6. h4 h6 7. Be2 e5 8. Nb3
Be6 9. f4 Nc6 10. f5 Bxb3 11. axb3 Nb4 12. Bf3 Be7 13. Be3 Rc8 14. Qd2 d5 15.
exd5 e4 16. Be2 Nbxd5 17. Nxd5 Nxd5 18. O-O-O Qc7 19. c3 Rd8 20. Qd4 O-O 21.
Qxe4 Nxc3 22. bxc3 Qxc3+ 23. Kb1 Qxb3+ 24. Ka1 Bf6+ 0-1

[Event "Lindores Abbey Tal Blitz 2021"]
[Site "Riga"]
[Date "2021.11.08"]
[Round "2.31"]
[White "Ponkratov, Pavel"]
[Black "Saduakassova, Dinara"]
[Result "0-1"]
[WhiteElo "2662"]
[BlackElo "2491"]
[Annotator "ChessBase"]
[PlyCount "98"]
[EventDate "2021.11.02"]
[EventType "swiss"]
[EventCountry "LAT"]
[SourceTitle "playchess.com"]
[Source "ChessBase"]
[SourceQuality "1"]

1. c4 c5 2. Nf3 Nf6 3. Nc3 Nc6 4. e3 e5 5. d4 e4 6. Ne5 h5 7. a3 Qc7 8. Nxc6
dxc6 9. dxc5 Bxc5 10. b4 Bd6 11. Bb2 Be5 12. Qc2 Bf5 13. Be2 a5 14. b5 O-O 15.
h3 h4 16. Bg4 Bg6 17. Be2 Rad8 18. O-O Bf5 19. Rfd1 Qc8 20. Nd5 Qe6 21. Bxe5
Qxe5 22. Nxf6+ Qxf6 23. bxc6 bxc6 24. c5 Rxd1+ 25. Rxd1 Rd8 26. Rxd8+ Qxd8 27.
Qd1 Qxd1+ 28. Bxd1 Be6 29. Kf1 Kf8 30. Ke1 Ke7 31. Be2 Kf6 32. f4 exf3 33. Bxf3
Bd7 34. Kd2 Ke5 35. Kc3 f5 36. Kb3 g5 37. Ka4 g4 38. Be2 Ke4 39. Kxa5 Kxe3 40.
Bc4 Kf2 41. Kb6 Kxg2 42. hxg4 fxg4 43. Bd3 g3 44. Kc7 Bg4 45. a4 Kf2 46. a5 g2
47. a6 g1=Q 48. a7 Qa1 49. Kb7 Bf3 0-1